00584nam a2200157Ia 4500999001500000003000400015008004100019100001400060245003700074260003100111300000700142650000900149942001200158952012800170952012800298 c6661d6661OSt191201s2011 xx 000 0 und d aNSE INDIA 0aMutual Funds: A Beginners Module aN. delhibNSE (NCFM)c2011 a70 aNCFM 2ddccBK 00102ddc40708NCFMaPIETbPIETd2016-03-08eNSENCHMg392.85k1301l0p29174r2019-12-04 00:00:00v392.85w2016-07-11yBK 00102ddc40708NCFMaPIETbPIETd2016-03-08eNSENCHMg392.85k1301l0p29175r2019-12-04 00:00:00v392.85w2016-07-11yBK